000 01043nam a2200301 i 4500
003 EG-GICUC
005 20260321170445.0
008 260321s1998 be ||||fr|||| 00| 0 fre d
017 _a1998002348
020 _a2802711415
040 _aEG-GiCUC
_bfre
_cEG-GiCUC
_dEG-GiCUC
_eRda
082 0 4 _221
_a341.762
_bUN . R
092 0 4 _221
099 _aLaw1 11 341.762 UN . R 1998
110 _aUniversités Francophones
_eAuteur
245 _aRecueil Francophone Des Textes Internationaux En Dorit De L'Environnement /
_cUniversités Francophones .
264 1 _aBruxelles :
_bUniversités Francophones ,
_c1998 .
300 _a719 page ;
_c24 cm.
336 _2rda contenu
_a texte
337 _2rda medias
_aOrdinateur
338 _2 transporteur rda
_a Ressource en ligne
546 _aTexte en français
650 _aDroit International Public
650 _aRessources naturelles – Protection – Droit international
856 4 0 _uhttps://fll.law.cu.edu.eg/fulltext/bks/B11-05755.pdf
905 _a59
942 _2ddc
_n0
_cBK
_e21
999 _c66477
_d66477